Guess the Ariana Grande song by lyrics - Statistics

General Stats
  • This quiz has been taken 218 times
  • The average score is 9 of 22
Answer Stats
Hint Answer % Correct
Been through some bad shit, I should be a sad bitch 7 rings
85%
I showed you all my demons, all my lies, Yet you played me like atari eternal sunshine
77%
But i don’t want a new broken heart this year i’ve got to be smart Santa Tell me
62%
Last night, boy, i met you, yeah. When i was asleep R.E.M
61%
Oh, why’d you have to be so cute? It’s impossible to ignore you goodnight n go
59%
How you touch my soul from the outside ? Permeate my ego and my pride pov
56%
He’s giving me Elvis, With some James Dean in his eyes Moonlight
53%
Midnight shadows, When finding love is a battle Be Alright
51%
How could we know, that this was a happy disaster ? Im glad we crashed and burned imperfect for you
51%
Just wanna have a good time, yeah, Ain’t no need to apologize, no bloodline
50%
I’d rather your body than half of your heart, or jealous-ridden comments better off
47%
Maybe I’m the sinner, and you’re the the saint Best Mistake
45%
Is it love when so easily said goodbye? Leave Me Lonely
43%
I know your motives and you know mine, The ones that love me, I tend to leave behind Love Me Harder
35%
Every little trait, however small makes my very flesh begin to crawl What Is This Feeling ?
32%
And we can deny it as much as we want but in time our feelings will show Almost Is Never Enough
27%
Don’t like when I’m with nobody else, I couldn’t help it, i put you thought hell Save Your Tears (with Ariana Grande)(Remix)
13%
Boy, so what’s been on your mind? For me, it’s just you all the time Adore
12%
On a scale of one to ten I’m at a hundred, Never get enough, I can’t stay away The Way (feat. Mac Miller)
12%
I’m no blow up doll, no free-for-all, No slave to your decision Jason’s Song (Gave It Away)
10%
If you spend a little time, look deep inside. Search your heart and I’m sure you’ll find. Love Is everything
9%
Got all this time on my hands might as well cancel our plans Stuck with U (with Justin Bieber)
5%
No matching quizzes found
Score Distribution
Percent of People with Each Score
Percentile by Number Answered
Your Score History
You have not taken this quiz